000 00637nam a2200205 a 4500
001 000038915
003 DO-SdBNP
005 20171023072528.0
008 130314s1998 dr 000 0 spa d
040 _aBPMSU
_bspa
_cBPMSU
100 1 _aAndújar Carvajal, Carmen Dilia
245 1 0 _aTeoría musical y bigrafía de músicos celebres /
_cCarmen Dilía Andújar Carvajal ; prólogo Antonio Zaglul.
250 _a6a. ed.
260 _aSanto Domingo :
_bICARO,
_c1998.
300 _a104 p. ;
_c21 cm.
700 1 _aZaglul, Antonio
942 _2ddc
_cBK
945 _aInventariado / 2017 VM
956 _aVMATEO
_b10
_c20150811
_lBPMSU
_h00151
999 _c8180
_d8180